| 000 | 02079cam a2200529 i 4500 | ||
|---|---|---|---|
| 999 |
_c3859 _d3859 |
||
| 001 | ocn820122502 | ||
| 003 | OCoLC | ||
| 005 | 20171104150555.0 | ||
| 008 | 130305s2012 fr g 000 0 fre d | ||
| 010 | _a 2013395346 | ||
| 020 |
_a9782916872193 _q(pbk.) |
||
| 020 |
_a2916872191 _q(pbk.) |
||
| 035 |
_a(OCoLC)820122502 _z(OCoLC)826851838 |
||
| 040 |
_aAUXAM _beng _erda _cDLC _dAUXAM _dOCLCO _dZCU _dNYP _dSTF _dTZT _dOCLCF _dOCLCQ _dOCLCO _dOCL _dOCLCQ |
||
| 042 | _alccopycat | ||
| 043 |
_af-cg--- _afc----- _ae------ |
||
| 049 | _aTZAA | ||
| 050 | 0 | 0 |
_aDT658 _b.O53 |
| 082 | 1 | 4 | _a960 |
| 100 | 1 |
_aOnana, Charles, _eauthor. _912810 |
|
| 245 | 1 | 0 |
_aEurope, crimes et censure au Congo / _cCharles Onana. |
| 260 |
_aParis : _bEditions Duboiris _c2012 |
||
| 300 |
_a319 pages ; _c21 cm. |
||
| 490 | 1 | _aSecrets d'état | |
| 648 | 7 |
_aSince 1997 _2fast |
|
| 650 | 0 |
_aPolitical violence _zCongo (Democratic Republic) |
|
| 650 | 0 |
_aPolitical violence _zGreat Lakes Region (Africa) |
|
| 650 | 0 |
_aLow-intensity conflicts (Military science) _zCongo (Democratic Republic) _912971 |
|
| 650 | 0 |
_aPolitical corruption _zCongo (Democratic Republic) _911812 |
|
| 650 | 0 |
_aPolitical corruption _zEuropean Union countries. |
|
| 650 | 7 |
_aEthnic relations _xPolitical aspects. _2fast |
|
| 650 | 7 |
_aDiplomatic relations. _2fast |
|
| 650 | 7 |
_aLow-intensity conflicts (Military science) _2fast |
|
| 650 | 7 |
_aPolitical corruption. _2fast |
|
| 650 | 7 |
_aPolitics and government _2fast |
|
| 650 | 7 |
_aPolitical violence. _2fast |
|
| 651 | 0 |
_aCongo (Democratic Republic) _xForeign relations _zEuropean Union countries. |
|
| 651 | 0 |
_aEuropean Union countries _xForeign relations _zCongo (Democratic Republic) |
|
| 651 | 0 |
_aCongo (Democratic Republic) _xPolitics and government _y1997- |
|
| 651 | 0 |
_aAfrica, Central _xEthnic relations _xPolitical aspects. |
|
| 651 | 7 |
_aAfrica, Central. _2fast |
|
| 651 | 7 |
_aAfrica _zGreat Lakes Region. _2fast |
|
| 651 | 7 |
_aCongo (Democratic Republic) _2fast |
|
| 651 | 7 |
_aEurope _zEuropean Union countries. _2fast |
|
| 830 | 0 | _aSecrets d'état. | |
| 942 |
_2lcc _cBOOK |
||